000 00956cab a2200265 4500
001 ABS56185
008 090401t1996 xxu||||| |||| 00| 0 eng d
035 _a(Sirsi) u21784
041 _aeng
100 _aShea, C.
245 _aBuyer must beware if Crown moves in
260 _c1996
350 _a0
490 _aProperty Week
_v57(8) 22 November 1996, 21(1)
520 _aA party is liable for a property that becomes subject to a compulsory purchase order at exchange of contracts rather than on completion, as illustrated in "E. Johnson & Co (Barbados) Ltd v NSR Ltd".
650 _aCOMPLETION
650 _aCompulsory purchase
_96228
650 _aE JOHNSON & CO BARBADOS LTD V NSR LTD
650 _aEXCHANGE OF CONTRACTS
650 _aPROPERTY TRANSACTIONS
690 _aENVIRONMENTAL AND LAND CONSULTANCY-PLANNING AND DEVELOPMENT-COMPULSORY PURCHASE AND COMPENSATION
700 _aTanney, A.
942 _n0
948 _c04/03/1997
999 _c14603
_d14603